[Event "VIII TchRUS W"]
[Site "Sochi"]
[Date "2007.05.08"]
[Round "8"]
[White "Sudakova, Irina"]
[Black "Kursova, Maria"]
[Result "1-0"]
[WhiteElo "2371"]
[BlackElo "2324"]
[Annotator ""]
[Source ""]
[Remark ""]

1.e4 c5 2.Nf3 e6 3.d4 cxd4 4.Nxd4 Nc6 5.Nc3 a6 6.Be2 d6 7.Be3
Bd7 8.Qd2 Rc8 9.f4 Nf6 10.g4 Nxg4 11.Bxg4 Qh4+ 12.Qf2 Qxg4 13.Rg1
Qh3 14.O-O-O Na5 15.Rg3 Qh4 16.Nf3 Qe7 17.f5 Bc6 18.fxe6 fxe6
19.Nd4 Nc4 20.Bg5 Qd7 21.Qe2 b5 22.Nd5 e5 23.Nxc6 Rxc6 24.Rf1
Qe6 25.Rgf3 h6 26.Qf2 Qg8 27.Qa7 1-0

[Event "VIII TchRUS W"]
[Site "Sochi"]
[Date "2007.05.08"]
[Round "8"]
[White "Vasilevich, Irina"]
[Black "Turova, Irina"]
[Result "0-1"]
[WhiteElo "2380"]
[BlackElo "2386"]
[Annotator ""]
[Source ""]
[Remark ""]

1.e4 e5 2.Nf3 Nf6 3.Nc3 Nc6 4.d4 exd4 5.Nxd4 Bb4 6.Nxc6 bxc6
7.Bd3 d5 8.exd5 O-O 9.O-O cxd5 10.Bg5 c6 11.Na4 h6 12.Bh4 Bd6
13.c3 Rb8 14.Bc2 Re8 15.h3 Ba6 16.Re1 Rxe1+ 17.Qxe1 Qe8 18.b4
Qxe1+ 19.Rxe1 g5 20.Bg3 Bxg3 21.fxg3 d4 22.Bb3 dxc3 23.Nc5 Bc8
24.a3 a5 25.Rd1 Bf5 26.Rf1 c2 27.g4 Bg6 28.Bxc2 Bxc2 29.Rxf6
axb4 30.axb4 Rxb4 31.Rxh6 Bg6 32.Ne6 Rb5 33.h4 gxh4 34.Nf4 c5
35.Nxg6 Kg7 36.g5 fxg6 37.Rxh4 Rb4 38.g4 c4 39.Kf2 c3 40.Ke2
Rd4 41.Rh3 Rc4 42.Rh1 Rxg4 43.Rh3 Rg2+ 44.Kf1 c2 0-1

[Event "VIII TchRUS W"]
[Site "Sochi"]
[Date "2007.05.08"]
[Round "8"]
[White "Kirillova, Varvara"]
[Black "Bronnikova, Elizaveta"]
[Result "0-1"]
[WhiteElo "2251"]
[BlackElo "2287"]
[Annotator ""]
[Source ""]
[Remark ""]

1.e4 c5 2.Nf3 d6 3.d4 cxd4 4.Nxd4 Nf6 5.Nc3 Nc6 6.Bg5 Bd7 7.Qd2
Rc8 8.O-O-O Nxd4 9.Qxd4 Qa5 10.f4 Rxc3 11.bxc3 e5 12.Qb4 Qxb4
13.cxb4 Nxe4 14.Bc4 h6 15.Bh4 g5 16.fxg5 hxg5 17.Be1 f5 18.b5
g4 19.a4 Bh6+ 20.Kb1 Be3 21.Bd5 Nc5 22.Bb4 b6 23.Rhe1 f4 24.h3
gxh3 25.gxh3 Ke7 26.Rh1 Nxa4 27.Bxd6+ Kxd6 28.Bb3+ Bd4 29.Bxa4
Bf5 30.h4 Kc5 31.Rdf1 Bg4 32.Rh2 f3 33.c3 Be3 34.Bc2 Kxb5 35.Be4
f2 36.Kc2 Kc4 37.Bd3+ Kd5 38.Rb1 e4 39.Bf1 Bc5 40.h5 Rxh5 41.Rxh5+
Bxh5 42.Ra1 a5 43.Ra4 Bf3 44.Kd2 Ke5 45.Be2 Bg2 46.Ra1 a4 47.Kc2
a3 48.Rd1 Kf4 49.Bc4 Bf3 50.Rd7 e3 51.Rf7+ Kg3 52.Rg7+ Kh2 53.Rh7+
Kg1 54.Rg7+ Bg2 55.Kd1 f1Q+ 56.Bxf1 Kxf1 57.Rf7+ Kg1 58.Ke2 a2
59.Ra7 Bd5 60.Rg7+ Kh2 0-1

[Event "VIII TchRUS W"]
[Site "Sochi"]
[Date "2007.05.08"]
[Round "8"]
[White "Gromova, Julia"]
[Black "Severiukhina, Zoja"]
[Result "0-1"]
[WhiteElo "2252"]
[BlackElo "2269"]
[Annotator ""]
[Source ""]
[Remark ""]

1.d4 Nf6 2.c4 g6 3.Nc3 Bg7 4.e4 d6 5.f3 O-O 6.Be3 e5 7.d5 c6
8.Qd2 cxd5 9.cxd5 a6 10.Bd3 Nh5 11.Nge2 f5 12.exf5 gxf5 13.f4
Nd7 14.O-O-O b5 15.h3 Qa5 16.g4 Nxf4 17.Bxf5 b4 18.Ne4 Qxa2 19.N2g3
Rb8 20.Qc2 Bb7 21.Bxd7 Rbc8 22.Bxc8 Rxc8 23.Nc3 bxc3 24.bxc3
Qa5 25.Bd2 Nxd5 26.Qb3 Bc6 27.Nf5 Kh8 28.Nxg7 Ba4 29.Qb7 Rxc3+
30.Kb1 Bc2+ 0-1

[Event "VIII TchRUS W"]
[Site "Sochi"]
[Date "2007.05.08"]
[Round "8"]
[White "Komiagina, Maria"]
[Black "Solovjova, Valentina"]
[Result "1-0"]
[WhiteElo "2288"]
[BlackElo "2261"]
[Annotator ""]
[Source ""]
[Remark ""]

1.e4 c6 2.d4 d5 3.e5 Bf5 4.Nd2 e6 5.Nb3 Nd7 6.Be3 Ne7 7.Be2 Nc8
8.f4 Ncb6 9.Nf3 Na4 10.Qc1 Qb6 11.O-O Be7 12.c4 dxc4 13.d5 Qb4
14.dxc6 bxc6 15.Bxc4 O-O 16.a3 Qb7 17.Na5 Qc7 18.b4 c5 19.Bb5
Nab6 20.Nc6 Bd8 21.bxc5 Nd5 22.Bf2 Bd3 23.Bxd3 Qxc6 24.a4 a6
25.Qc4 Be7 26.Qe4 g6 27.Nd4 Qc7 28.Rfc1 Nxc5 29.Qf3 Qd7 30.Be2
Rfc8 31.a5 Rab8 32.h3 Rb2 33.Rab1 Rxb1 34.Rxb1 Qc7 35.Rc1 Qb7
36.Kh2 Na4 37.Rxc8+ Qxc8 38.f5 Nc5 39.fxe6 fxe6 40.Bc4 Qc7 41.Bg3
Qd7 42.Nxe6 Nxe6 43.Bxd5 Kg7 44.Bc4 h5 45.h4 Bd8 46.Qa8 Nc7 47.Qe4
Ne6 48.Bd3 Nf8 49.Be1 Bc7 50.Bc3 Qe6 51.Kh1 Qb3 52.Qc4 Qd1+ 53.Kh2
Bb8 54.Qxa6 Qg4 55.Qf6+ Kg8 56.a6 Qc8 57.Bb4 Qe8 58.Bc4+ Kh7
59.Bd6 Nd7 60.Qf7+ 1-0

[Event "VIII TchRUS W"]
[Site "Sochi"]
[Date "2007.05.08"]
[Round "8"]
[White "Deriabina, Svetlana"]
[Black "Kuzevanova, Evgenia"]
[Result "0-1"]
[WhiteElo "2133"]
[BlackElo "2176"]
[Annotator ""]
[Source ""]
[Remark ""]

1.d4 e6 2.c4 f5 3.g3 Nf6 4.Bg2 d5 5.Nf3 c6 6.b3 Bd6 7.O-O Qe7
8.Bb2 O-O 9.e3 b6 10.Ne5 Bb7 11.Nd2 Nbd7 12.Ndf3 Rac8 13.Qd3
Ne4 14.Nxd7 Qxd7 15.Ne5 Qe7 16.f3 Bxe5 17.dxe5 dxc4 18.bxc4 Rfd8
19.Qc2 Nc5 20.Rfd1 Na6 21.Qc3 b5 22.Rd6 Nc7 23.Rad1 Ne8 24.R6d3
b4 25.Qd2 Rxd3 26.Qxd3 c5 27.f4 Bxg2 28.Kxg2 Nc7 29.Kf3 Na8 30.Qd6
Qe8 31.a3 Nb6 32.Qd3 a5 33.e4 Qh5+ 34.Kg2 fxe4 35.Qd6 Re8 36.Rc1
Qe2+ 37.Kh3 Nxc4 38.Qc6 Qh5+ 39.Kg2 Nxb2 40.Rxc5 Nd3 41.Rc2 0-1

[Event "VIII TchRUS W"]
[Site "Sochi"]
[Date "2007.05.08"]
[Round "8"]
[White "Ovod, Evgenija"]
[Black "Novikova, Anna"]
[Result "1-0"]
[WhiteElo "2384"]
[BlackElo "2272"]
[Annotator ""]
[Source ""]
[Remark ""]

1.d4 d5 2.c4 e6 3.Nc3 c6 4.Nf3 Nf6 5.Bg5 dxc4 6.e4 b5 7.e5 h6
8.Bh4 g5 9.Nxg5 hxg5 10.Bxg5 Nbd7 11.g3 Bb7 12.Bg2 Qb6 13.exf6
O-O-O 14.O-O c5 15.d5 b4 16.Na4 Qa6 17.a3 Bxd5 18.Bxd5 Ne5 19.axb4
Rxd5 20.Qe2 cxb4 21.Nc3 Qc6 22.Nxd5 Qxd5 23.f3 Nd3 24.h4 Bc5+
25.Kg2 Bd4 26.Rab1 Bb6 27.Qe4 Kb7 28.Rfd1 Rd8 29.h5 Ka6 30.h6
Kb5 31.b3 Qxe4 32.fxe4 c3 33.Ra1 c2 34.Rd2 Bc7 35.h7 Be5 36.Rxd3
Rxd3 37.h8Q Bxa1 38.Qb8+ Ka6 39.Qc8+ Kb6 40.Qxc2 Rd7 41.Qc8 Rc7
42.Be3+ Kc6 43.Qa6+ 1-0

[Event "VIII TchRUS W"]
[Site "Sochi"]
[Date "2007.05.08"]
[Round "8"]
[White "Akatova, Ekaterina"]
[Black "Manakova, Irina"]
[Result "1-0"]
[WhiteElo "2204"]
[BlackElo "2244"]
[Annotator ""]
[Source ""]
[Remark ""]

1.e4 e5 2.Nf3 Nc6 3.Bb5 f5 4.d3 fxe4 5.dxe4 Nf6 6.O-O d6 7.Nc3
Be7 8.Qd3 Bg4 9.h3 Bd7 10.Ne2 Na5 11.Bxd7+ Qxd7 12.Ng3 g6 13.Bh6
Nc6 14.b4 Nd8 15.Rad1 Bf8 16.Bg5 Bg7 17.Qb3 Qf7 18.Qa4+ Qd7 19.Qa5
Nc6 20.Qa3 Qf7 21.b5 Ne7 22.b6 O-O 23.bxc7 Nc8 24.Qb3 b6 25.Qc3
a5 26.Nd2 Ra7 27.Qd3 Rxc7 28.c4 Nd7 29.Qe2 Nc5 30.f4 exf4 31.Rxf4
Qe8 32.Rxf8+ Kxf8 33.Nf3 Ne6 34.Be3 Qc6 35.Rf1 Kg8 36.Qf2 Qxc4
37.Rc1 Qb5 38.Rxc7 Nxc7 39.Qc2 Qd7 40.Bxb6 Nxb6 41.Qb3+ d5 42.Qxb6
dxe4 43.Nxe4 a4 44.Qb8+ Ne8 45.Qb4 h6 46.Qc4+ Kh8 47.Nc3 a3 48.Nd5
Nd6 49.Qa6 Nb5 50.Nf4 Qd1+ 51.Kh2 Qd6 52.Qxd6 Nxd6 53.Nxg6+ Kg8
54.Nfe5 Ne4 55.Nc4 Bb2 56.Nf4 Nc3 57.Nd3 Ba1 58.Nxa3 Nxa2 59.Nc2
Bg7 60.Ne3 Nc3 61.Nf5 Bf8 62.Ne5 Kh7 63.h4 Nd5 64.Kg3 Ne7 65.Nxe7
Bxe7 66.Kg4 Bd6 67.Nc4 Bb4 68.Kh5 Be1 69.Ne5 Bd2 70.Kg4 Bc3 71.Kf5
Be1 72.h5 Kg7 73.Ke6 Bc3 74.Nc4 Bd4 75.Nd6 Bc3 76.Nf5+ Kh7 77.Kf7
Bb4 78.Ne3 Bd2 79.Ng4 Bc1 80.Nf6+ Kh8 81.Kg6 Bb2 82.Ng4 1-0

[Event "VIII TchRUS W"]
[Site "Sochi"]
[Date "2007.05.08"]
[Round "8"]
[White "Ivanova, Yulija"]
[Black "Ivkina, Olga"]
[Result "0-1"]
[WhiteElo "2155"]
[BlackElo "2198"]
[Annotator ""]
[Source ""]
[Remark ""]

1.d4 Nf6 2.Nf3 g6 3.c4 Bg7 4.Nc3 O-O 5.Bg5 d6 6.e3 Nbd7 7.Be2
c6 8.h3 Qc7 9.Bh4 e5 10.Bg3 Nh5 11.Bh2 f5 12.Ng5 Ndf6 13.g4 h6
14.gxh5 hxg5 15.hxg6 f4 16.Qc2 exd4 17.exd4 Bxh3 18.Bxf4 Qd7
19.Be3 Bf5 20.Bd3 Bg4 21.Bxg5 Rae8+ 22.Kd2 Nh5 23.Be3 Rxf2+ 24.Ne2
Rf3 25.Be4 Rxe3 26.Kxe3 Qf5 27.Rxh5 Qf3+ 28.Kd2 Rxe4 29.Rh2 Bh6+
30.Ke1 Qg3+ 31.Rf2 Qg1+ 32.Rf1 Qg2 33.Rf2 Qh1+ 34.Rf1 Qh4+ 35.Rf2
Rxe2+ 36.Qxe2 Bxe2 37.Kxe2 Qe4+ 0-1

[Event "VIII TchRUS W"]
[Site "Sochi"]
[Date "2007.05.08"]
[Round "8"]
[White "Ushenina, Anna"]
[Black "Ubiennykh, Ekaterina"]
[Result "1-0"]
[WhiteElo "2475"]
[BlackElo "2302"]
[Annotator ""]
[Source ""]
[Remark ""]

1.d4 Nf6 2.g3 d5 3.Nf3 e6 4.Bg2 Be7 5.O-O O-O 6.b3 c5 7.dxc5
Bxc5 8.Bb2 Nc6 9.c4 Qe7 10.cxd5 Nxd5 11.a3 Rd8 12.Qc2 e5 13.b4
Bd6 14.Nbd2 Be6 15.b5 Na5 16.Qa4 b6 17.Nxe5 Bxe5 18.Bxe5 Rac8
19.Rfc1 Ne3 20.Qb4 Qxb4 21.axb4 Nc2 22.Ra4 Rxd2 23.bxa5 Rcd8
24.h4 Bb3 25.Rg4 g6 26.axb6 axb6 27.Bc7 R8d4 28.Bf3 Rxg4 29.Bxg4
f5 30.Bf3 Nd4 31.Bxb6 Nxe2+ 32.Bxe2 Rxe2 33.Bd4 Bd5 34.b6 Re7
35.f4 Kf7 36.Rc8 Re8 37.Rc5 Bb7 38.Kf2 Re7 39.h5 Rd7 40.Ke3 Re7+
41.Kd2 Rd7 42.Kc3 Re7 43.h6 Rd7 44.Be5 Ke6 45.Kb4 Rd1 46.Rc7
Rd7 47.Rxb7 Rxb7 48.Kc5 Kd7 49.Kb5 Kc8 50.Kc6 Rf7 51.Bd6 g5 52.fxg5
f4 53.Bc7 1-0

[Event "VIII TchRUS W"]
[Site "Sochi"]
[Date "2007.05.08"]
[Round "8"]
[White "Fominykh, Maria"]
[Black "Chasovnikova, Eugenia"]
[Result "1-0"]
[WhiteElo "2306"]
[BlackElo "2288"]
[Annotator ""]
[Source ""]
[Remark ""]

1.e4 c6 2.d4 d5 3.e5 Bf5 4.Be2 e6 5.Nf3 Ne7 6.Nbd2 Nd7 7.Nb3
Bg4 8.Ng5 Bxe2 9.Qxe2 Nf5 10.g4 Nh4 11.f4 Be7 12.Be3 h6 13.Nf3
Qb6 14.Nfd2 a5 15.a4 g6 16.Rf1 h5 17.h3 Qa6 18.Qxa6 Rxa6 19.Rf2
Ra8 20.Ke2 Bd8 21.c4 Be7 22.Nc1 f6 23.Nd3 O-O 24.Rc1 dxc4 25.Nxc4
b5 26.Nd2 Rfc8 27.exf6 Bxf6 28.Ne5 Nb6 29.Ne4 Bg7 30.Nxc6 Nd5
31.axb5 Rf8 32.Nc3 Nf6 33.Rg1 a4 34.Rff1 a3 35.Bf2 axb2 36.Bxh4
Ra3 37.Kd2 hxg4 38.hxg4 Nd5 39.Nxd5 exd5 40.Be7 Ra2 41.Kc3 b1Q
42.Rxb1 Rxf4 43.b6 Rf3+ 44.Kb4 1-0

[Event "VIII TchRUS W"]
[Site "Sochi"]
[Date "2007.05.08"]
[Round "8"]
[White "Melnikova, Yana"]
[Black "Sharevich, Anna"]
[Result "1-0"]
[WhiteElo "2305"]
[BlackElo "2323"]
[Annotator ""]
[Source ""]
[Remark ""]

1.e4 c5 2.Nf3 e6 3.d4 cxd4 4.Nxd4 a6 5.Bd3 Bc5 6.Nb3 Be7 7.Qg4
g6 8.Qe2 d6 9.Be3 Qc7 10.f4 Nf6 11.N1d2 Nbd7 12.O-O-O b5 13.g4
h6 14.Kb1 Bb7 15.Rhf1 e5 16.c4 b4 17.g5 hxg5 18.fxg5 Nh5 19.Qf2
Rh7 20.Be2 f6 21.Bxh5 Rxh5 22.c5 d5 23.exd5 Bxd5 24.gxf6 Nxf6
25.Qg3 O-O-O 26.Qxg6 Rg8 27.Qd3 Qc6 28.Na5 Qb5 29.Nac4 Rd8 30.Nb6+
Kb7 31.Qg6 Rg8 32.Qc2 Bg2 33.Rxf6 Bxf6 34.Ne4 Qc6 35.Rd7+ Kb8
36.Nd6 Bh3 37.Rf7 Bd8 38.Qe2 Bxb6 39.Rb7+ Qxb7 40.Nxb7 Rf5 41.Qxa6
Rf1+ 42.Kc2 Rg2+ 43.Kb3 Rb1 44.Qxb6 Rgxb2+ 45.Kc4 Rc2+ 46.Kb5
Bd7+ 47.Ka6 Bc8 48.c6 Rxa2+ 49.Kb5 Ka8 50.Na5 1-0

[Event "VIII TchRUS W"]
[Site "Sochi"]
[Date "2007.05.08"]
[Round "8"]
[White "Meshcheriakova, Evgenia"]
[Black "Iljushina, Olga"]
[Result "0-1"]
[WhiteElo "2309"]
[BlackElo "2281"]
[Annotator ""]
[Source ""]
[Remark ""]

1.e4 c5 2.Nf3 Nc6 3.Nc3 e5 4.Bc4 Be7 5.d3 d6 6.Nd2 Nf6 7.Nf1
Bg4 8.f3 Be6 9.Ne3 O-O 10.O-O Rb8 11.g3 Nd4 12.a4 a6 13.Ncd5
b5 14.axb5 axb5 15.Nxf6+ Bxf6 16.Bd5 b4 17.Bd2 Nb5 18.Qb1 Nc7
19.Qa2 Nxd5 20.Nxd5 b3 21.cxb3 Bxd5 22.exd5 Qb6 23.Kg2 Qxb3 24.Qxb3
Rxb3 25.Bc3 Rfb8 26.Ra6 R3b6 27.Rfa1 g6 28.Kf2 h5 29.Ra7 R8b7
30.Rxb7 Rxb7 31.Ra6 Be7 32.Ke3 Rb8 33.Kd2 Kf8 34.Kc2 Ke8 35.Ba5
Rb7 36.Kc3 f5 37.h3 e4 38.fxe4 h4 39.gxh4 f4 40.Bb6 Bxh4 41.Kd2
f3 42.Ke3 f2 43.Ke2 Rb8 44.Kf1 Kf7 45.d4 Re8 46.e5 dxe5 47.dxc5
e4 48.Ke2 e3 49.Ra1 Re5 50.Rd1 Ke7 51.b4 Re4 52.c6 Bg5 53.Bc5+
Ke8 54.d6 Rc4 55.d7+ Kf7 56.Bxe3 Rc2+ 57.Kf1 Bd8 58.b5 Ke6 59.b6 0-1

[Event "VIII TchRUS W"]
[Site "Sochi"]
[Date "2007.05.08"]
[Round "8"]
[White "Kochetkova, Julia"]
[Black "Kostiuk, Tatiana"]
[Result "1/2-1/2"]
[WhiteElo "2320"]
[BlackElo "2232"]
[Annotator ""]
[Source ""]
[Remark ""]

1.e4 e5 2.Nf3 Nc6 3.Bb5 a6 4.Ba4 Nf6 5.O-O b5 6.Bb3 Be7 7.Re1
O-O 8.d4 d6 9.c3 Bg4 10.Be3 exd4 11.cxd4 d5 12.e5 Ne4 13.Nbd2
Na5 14.Bc2 Nxd2 15.Bxd2 Nc4 16.Bc1 f6 17.Qd3 g6 18.Bh6 Re8 19.b3
fxe5 20.dxe5 Na3 21.Bd1 c5 22.b4 Nc4 23.bxc5 Bxc5 24.Bb3 Qb6
25.Qc2 Bxf3 26.gxf3 Qe6 27.Rad1 Rad8 28.Qc3 Qh3 29.Bg5 Bxf2+
30.Kxf2 Qxh2+ 31.Kf1 Qh1+ 32.Kf2 Qh2+ 33.Kf1 Qh1+ 1/2-1/2

[Event "VIII TchRUS W"]
[Site "Sochi"]
[Date "2007.05.09"]
[Round "9"]
[White "Matveeva, Svetlana"]
[Black "Lahno, Katerina"]
[Result "1/2-1/2"]
[WhiteElo "2406"]
[BlackElo "2468"]
[Annotator ""]
[Source ""]
[Remark ""]

1.d4 Nf6 2.c4 e6 3.Nc3 Bb4 4.Qc2 d5 5.cxd5 exd5 6.Bg5 c5 7.a3
Bxc3+ 8.Qxc3 cxd4 9.Qxd4 Nc6 10.Qf4 d4 11.b4 Qd5 12.Bxf6 gxf6
13.Nf3 a5 14.b5 Qxb5 15.Nxd4 Qe5 16.Qxe5+ fxe5 17.Nb5 Ke7 18.e3
Bf5 19.Be2 Rhd8 20.Rd1 Rxd1+ 21.Kxd1 Rd8+ 22.Kc1 Rc8 23.Kd2 Rd8+
24.Kc3 Rc8 25.Kd2 Rd8+ 26.Kc3 Rc8 1/2-1/2

[Event "VIII TchRUS W"]
[Site "Sochi"]
[Date "2007.05.09"]
[Round "9"]
[White "Kovalevskaya, Ekaterina"]
[Black "Muzychuk, Anna"]
[Result "1/2-1/2"]
[WhiteElo "2432"]
[BlackElo "2474"]
[Annotator ""]
[Source ""]
[Remark ""]

1.e4 c5 2.Nf3 e6 3.b3 Nc6 4.Bb2 d5 5.exd5 exd5 6.Bb5 Nf6 7.O-O
Bd6 8.d4 O-O 9.dxc5 Bxc5 10.Nc3 Bg4 11.Na4 Bd6 12.Bxc6 bxc6 13.Qd3
Re8 14.Rad1 Bc7 15.c4 Qd6 16.g3 Ne4 17.cxd5 Rad8 18.Rc1 Qxd5
19.Qxd5 Rxd5 20.Nd4 Be5 1/2-1/2

[Event "VIII TchRUS W"]
[Site "Sochi"]
[Date "2007.05.09"]
[Round "9"]
[White "Pogonina, Natalija"]
[Black "Kochetkova, Julia"]
[Result "1-0"]
[WhiteElo "2419"]
[BlackElo "2320"]
[Annotator ""]
[Source ""]
[Remark ""]

1.e4 e5 2.Nf3 Nc6 3.Bb5 f5 4.d3 fxe4 5.dxe4 Nf6 6.O-O d6 7.Nc3
Be7 8.h3 O-O 9.a4 Kh8 10.Re1 Qe8 11.Nd5 Bd8 12.c3 Qg6 13.Nxf6
Bxh3 14.Ng5 Bxg2 15.Nfxh7 Bxg5 16.Nxg5 Bh3 17.Qd3 Be6 18.Qg3
Ne7 19.Kg2 Kg8 20.Rh1 1-0

[Event "VIII TchRUS W"]
[Site "Sochi"]
[Date "2007.05.09"]
[Round "9"]
[White "Gunina, Valentina"]
[Black "Zhao, Xue"]
[Result "0-1"]
[WhiteElo "2308"]
[BlackElo "2467"]
[Annotator ""]
[Source ""]
[Remark ""]

1.d4 Nf6 2.Nf3 e6 3.c4 b6 4.Nc3 Bb7 5.Bg5 h6 6.Bh4 g5 7.Bg3 Nh5
8.e4 d6 9.d5 Nxg3 10.hxg3 Qe7 11.Nd4 Bg7 12.dxe6 fxe6 13.Qh5+
Kd7 14.O-O-O Nc6 15.Nde2 Raf8 16.f4 Kc8 17.Qh3 Kb8 18.f5 exf5
19.exf5 h5 20.Nd5 Qe5 21.Nec3 g4 22.Qh4 Bc8 23.f6 Bh6+ 24.Kb1
Bg5 25.Qh2 Bf5+ 26.Ka1 Bc2 27.Bd3 Bxd1 28.Rxd1 Bxf6 29.Be4 Bg7
30.Nf4 Qe8 31.Bg6 Qe3 32.Ncd5 Qa3 33.Nd3 Rf2 34.Rb1 Na5 0-1

[Event "VIII TchRUS W"]
[Site "Sochi"]
[Date "2007.05.09"]
[Round "9"]
[White "Shadrina, Tatiana"]
[Black "Grabuzova, Tatiana"]
[Result "1-0"]
[WhiteElo "2378"]
[BlackElo "2357"]
[Annotator ""]
[Source ""]
[Remark ""]

1.e4 e6 2.d4 d5 3.Nc3 Nf6 4.e5 Nfd7 5.f4 c5 6.Nf3 Nc6 7.Be3 Be7
8.Qd2 O-O 9.dxc5 Bxc5 10.O-O-O Qa5 11.Bxc5 Nxc5 12.h4 Bd7 13.Kb1
Rfc8 14.Rh3 Rab8 15.Rg3 Na4 16.Nxa4 Qxa4 17.a3 Ne7 18.Nd4 b5
19.c3 a5 20.Bd3 b4 21.Bc2 Qxa3 22.Qd3 bxc3 23.Qxh7+ Kf8 24.Qxg7+
Ke8 25.Qh8+ Ng8 26.Rxg8+ 1-0

[Event "VIII TchRUS W"]
[Site "Sochi"]
[Date "2007.05.09"]
[Round "9"]
[White "Zdebskaja, Natalia"]
[Black "Shen, Yang"]
[Result "0-1"]
[WhiteElo "2335"]
[BlackElo "2440"]
[Annotator ""]
[Source ""]
[Remark ""]

1.d4 d5 2.c4 c6 3.Nf3 Nf6 4.Nc3 dxc4 5.a4 Bf5 6.e3 e6 7.Bxc4
Bb4 8.O-O Nbd7 9.Qe2 Bg6 10.Ne5 O-O 11.Rd1 Qa5 12.Nxg6 hxg6 13.Qc2
Rad8 14.e4 e5 15.Be3 exd4 16.Bxd4 Bc5 17.Bxc5 Qxc5 18.Qe2 a5
19.Rac1 Ne5 20.Ba2 Qb6 21.Rxd8 Rxd8 22.Rd1 Rxd1+ 23.Nxd1 Qd4
24.Nc3 Nfd7 25.h3 Nc5 26.Qc2 g5 27.Bb1 g6 28.Ne2 Qb4 29.Qc1 Ncd3
30.Bxd3 Nxd3 31.Qd1 Qxe4 32.Nc1 Nf4 33.f3 Qe3+ 34.Kh2 Qe5 0-1

[Event "VIII TchRUS W"]
[Site "Sochi"]
[Date "2007.05.09"]
[Round "9"]
[White "Ruan, Lufei"]
[Black "Zakurdjaeva, Irina"]
[Result "1-0"]
[WhiteElo "2380"]
[BlackElo "2286"]
[Annotator ""]
[Source ""]
[Remark ""]

1.e4 c5 2.Nf3 d6 3.d4 cxd4 4.Nxd4 Nf6 5.Nc3 a6 6.Be2 e5 7.Nb3
Be7 8.Be3 Be6 9.Nd5 Nxd5 10.exd5 Bf5 11.Qd2 Nd7 12.O-O Qc7 13.Rac1
O-O 14.c4 Bg6 15.f4 exf4 16.Bxf4 b6 17.Nd4 Bf6 18.b4 Rfe8 19.Nc6
a5 20.c5 bxc5 21.bxc5 Ne5 22.Kh1 dxc5 23.Rxc5 Qd7 24.Bb5 Qg4
25.Nxe5 Rxe5 26.Bxe5 Bxe5 27.Qe2 Qxe2 28.Bxe2 Kf8 29.Bf3 Bd6
30.Rc6 Rd8 31.Rfc1 Ke7 32.Ra6 Bb4 33.Rc7+ Kf8 34.g4 Bd3 35.Raa7
Bg6 36.h4 Bd6 37.Rd7 Rxd7 38.Rxd7 1-0

[Event "VIII TchRUS W"]
[Site "Sochi"]
[Date "2007.05.09"]
[Round "9"]
[White "Kostiuk, Tatiana"]
[Black "Nebolsina, Vera"]
[Result "0-1"]
[WhiteElo "2232"]
[BlackElo "2297"]
[Annotator ""]
[Source ""]
[Remark ""]

1.d4 Nf6 2.Nf3 g6 3.g3 Bg7 4.Bg2 d5 5.c4 dxc4 6.O-O O-O 7.Na3
c3 8.bxc3 c5 9.Nc4 Nc6 10.Nfe5 Nd5 11.Nxc6 bxc6 12.Bb2 Qc7 13.Nd2
Rd8 14.Qc2 Rb8 15.e4 Nxc3 16.Bxc3 cxd4 17.Bxd4 Bxd4 18.Rab1 Ba6
19.Nc4 Rb5 20.Rfd1 e5 21.Bf1 Rdb8 22.Na3 Rb2 23.Rxb2 Rxb2 24.Qc1
Rxf2 25.Kh1 Bxf1 26.Rxf1 Bb2 0-1

[Event "VIII TchRUS W"]
[Site "Sochi"]
[Date "2007.05.09"]
[Round "9"]
[White "Prudnikova, Ekaterina"]
[Black "Kovanoba, Baira"]
[Result "1/2-1/2"]
[WhiteElo "2159"]
[BlackElo "2331"]
[Annotator ""]
[Source ""]
[Remark ""]

1.e4 c6 2.Nc3 d5 3.Nf3 Bg4 4.h3 Bxf3 5.Qxf3 Nf6 6.d3 e6 7.g3
Bb4 8.a3 Bxc3+ 9.bxc3 Qa5 10.Bd2 dxe4 11.dxe4 Qa4 12.Bd3 Nbd7
13.O-O O-O 14.c4 c5 15.Bc3 e5 16.Qf5 Qc6 17.Rae1 Rfe8 18.f4 Qe6
19.Qxe6 Rxe6 20.g4 Ne8 21.Rb1 Nd6 22.f5 Ree8 23.a4 Nb6 24.a5
Nbxc4 25.Bxc4 Nxc4 26.Rxb7 Nd6 27.Rc7 Nxe4 28.Bb2 Rab8 29.Ba3
h5 30.Re1 Ng5 31.Kg2 hxg4 32.hxg4 Rbd8 33.Rxc5 f6 34.Rc4 Rc8
35.Rc5 Rcd8 36.Rc4 Rc8 37.Rc5 Rcd8 38.Rc4 Rc8 1/2-1/2

[Event "VIII TchRUS W"]
[Site "Sochi"]
[Date "2007.05.09"]
[Round "9"]
[White "Ambartsumova, Karina"]
[Black "Kursova, Maria"]
[Result "0-1"]
[WhiteElo "2201"]
[BlackElo "2324"]
[Annotator ""]
[Source ""]
[Remark ""]

1.e4 c5 2.Nf3 e6 3.Be2 Nc6 4.O-O Nf6 5.Nc3 d6 6.d4 cxd4 7.Nxd4
a6 8.a4 Bd7 9.Kh1 Be7 10.Be3 O-O 11.f4 Nxd4 12.Bxd4 Bc6 13.Bf3
Nd7 14.Qe1 e5 15.Be3 exf4 16.Bxf4 Ne5 17.Rd1 Qb6 18.b4 Ng6 19.Bd2
Qd8 20.b5 axb5 21.axb5 Bd7 22.Be3 Ra3 23.Nb1 Ra4 24.Nc3 Rc4 25.Be2
Rc8 26.Bd4 Bg5 27.Qg3 Be6 28.Bg4 Bh4 29.Qh3 Qd7 30.Bf5 Bd8 31.b6
Rc6 32.Rb1 Rc4 33.Rfd1 h6 34.Qd3 Qc6 35.Nd5 Bxf5 36.exf5 Qxd5
37.fxg6 Rc8 38.Qh3 Qc4 39.Qd7 Qc6 40.Qg4 f5 41.Qg3 Bf6 42.Be3
Be5 43.Bf4 Bxf4 44.Qxf4 Rf6 45.Rd2 Qe4 46.Rf1 d5 47.h4 Rcf8 48.Qxe4
dxe4 49.Rdf2 f4 50.Re1 e3 51.Rf3 Rxg6 52.g3 fxg3 53.Rxf8+ Kxf8
54.Rxe3 g2+ 55.Kg1 Kf7 56.Rc3 Rxb6 57.Kxg2 Kf6 58.Kg3 g6 59.Kf4
Rb4+ 60.Kg3 Ke5 61.Rc7 b5 62.Rc6 Kf5 63.Rd6 Rg4+ 64.Kh3 Re4 65.Kg3
Re3+ 66.Kh2 h5 67.Kg2 b4 68.Rb6 Re4 69.Kh3 Rc4 70.Rb5+ Kf4 71.Rb6
Rc3+ 72.Kg2 Rxc2+ 73.Kf1 Rc4 74.Rxg6 Ke3 75.Rd6 Rxh4 76.Rd5 Rh2
77.Rb5 Rh4 78.Rd5 Rf4+ 79.Ke1 h4 80.Rd8 Rd4 81.Re8+ Kd3 82.Kd1
h3 83.Re2 Rg4 84.Rd2+ Kc3 0-1

[Event "VIII TchRUS W"]
[Site "Sochi"]
[Date "2007.05.09"]
[Round "9"]
[White "Cmilyte, Viktorija"]
[Black "Galliamova, Alisa"]
[Result "1/2-1/2"]
[WhiteElo "2462"]
[BlackElo "2477"]
[Annotator ""]
[Source ""]
[Remark ""]

1.d4 d5 2.c4 c6 3.Nf3 Nf6 4.e3 Bf5 5.Nc3 e6 6.Nh4 Bg6 7.Be2 Nbd7
8.O-O Bd6 9.g3 O-O 10.Nxg6 hxg6 11.Qc2 dxc4 12.Bxc4 c5 13.dxc5
Bxc5 14.Rd1 Qe7 15.Bd2 Rac8 16.Be2 Ne5 17.Rac1 Rc6 18.Qa4 Rd8
19.Be1 Rxd1 20.Rxd1 Rd6 21.Rxd6 Qxd6 22.Ne4 Qd5 23.Nxc5 Qxc5
24.Bc3 Nc6 25.Qb5 Qe7 26.Bf3 Qd7 27.h4 Nd5 28.Be1 a6 29.Qe2 Ne5
30.Bg2 Qa4 31.b3 Qc6 32.Qd1 Qc5 33.Kh1 b5 34.e4 Nb4 35.Bxb4 Qxb4
36.f4 Nc6 37.e5 Nd4 38.Qd3 Qe1+ 39.Kh2 Qf2 40.b4 Nc2 41.Qe4 Ne3 1/2-1/2

[Event "VIII TchRUS W"]
[Site "Sochi"]
[Date "2007.05.09"]
[Round "9"]
[White "Zaiatz, Elena"]
[Black "Demina, Julia"]
[Result "1-0"]
[WhiteElo "2387"]
[BlackElo "2330"]
[Annotator ""]
[Source ""]
[Remark ""]

1.d4 Nf6 2.c4 e6 3.Nf3 Bb4+ 4.Nbd2 b6 5.a3 Bxd2+ 6.Qxd2 Ne4 7.Qc2
f5 8.e3 Bb7 9.Be2 O-O 10.O-O d6 11.b3 Nd7 12.Bb2 a5 13.Rad1 Qe7
14.Ne1 Qg5 15.d5 e5 16.f4 Qh6 17.Rf3 exf4 18.Rh3 Qg5 19.Nf3 Qe7
20.exf4 Ndf6 21.Nd4 Bc8 22.Re3 Bd7 23.Bf3 h5 24.Rde1 Rae8 25.h3
h4 26.Qd1 Qf7 27.Bxe4 Nxe4 28.Nf3 Qh5 29.Qd4 Nf6 30.Re7 Rxe7
31.Rxe7 Rf7 32.Rxf7 Kxf7 33.Ng5+ Kf8 34.Kf2 Qg6 35.b4 axb4 36.axb4
Ne4+ 37.Nxe4 fxe4 38.Kf1 Qg3 39.Qxe4 g6 40.Bf6 Kg8 41.Kg1 1-0

[Event "VIII TchRUS W"]
[Site "Sochi"]
[Date "2007.05.09"]
[Round "9"]
[White "Turova, Irina"]
[Black "Gaponenko, Anna"]
[Result "1/2-1/2"]
[WhiteElo "2386"]
[BlackElo "2451"]
[Annotator ""]
[Source ""]
[Remark ""]

1.d4 d5 2.c4 c6 3.Nc3 Nf6 4.e3 e6 5.Nf3 Nbd7 6.Bd3 dxc4 7.Bxc4
b5 8.Be2 Bb7 9.O-O a6 10.e4 c5 11.e5 Nd5 12.Bg5 Qc7 13.a4 b4
14.Nxd5 Bxd5 15.Rc1 Qa5 16.Be3 Be7 17.Nd2 O-O 18.Bc4 cxd4 19.Bxd4
Rfd8 20.b3 Bb7 21.Qe2 Nc5 22.Bxc5 Bxc5 23.Bb5 Qb6 24.Bd3 Rac8
25.Ne4 1/2-1/2

[Event "VIII TchRUS W"]
[Site "Sochi"]
[Date "2007.05.09"]
[Round "9"]
[White "Chistiakova, Tamara"]
[Black "Sudakova, Irina"]
[Result "1/2-1/2"]
[WhiteElo "2337"]
[BlackElo "2371"]
[Annotator ""]
[Source ""]
[Remark ""]

1.d4 d5 2.c4 e6 3.Nf3 c6 4.Qc2 Nf6 5.Bg5 dxc4 6.Qxc4 b5 7.Qc2
Bb7 8.e4 Nbd7 9.Bd3 Rc8 10.Nbd2 h6 11.Bxf6 Qxf6 12.a4 a6 13.O-O
Bb4 14.Nb3 e5 15.Nc5 Nxc5 16.dxc5 O-O 17.Nd2 Rcd8 18.Nb3 Bc8
19.Be2 Be6 20.axb5 axb5 21.Ra6 Ra8 22.Rxa8 Rxa8 23.Nc1 Ra1 24.Nd3
Rxf1+ 25.Bxf1 Ba5 26.Qd1 Bc4 27.b3 Bxd3 28.Qxd3 Bb4 29.Qd6 Qxd6
30.cxd6 Bxd6 31.Be2 Kf8 32.Bg4 Ke7 33.Kf1 Bc5 34.Ke2 Kd6 35.h4
Bd4 36.f3 Kc7 37.h5 c5 38.Kd3 g6 39.hxg6 fxg6 40.Be6 Kb6 41.Bf7
g5 42.Be8 Ka5 43.Bd7 Kb4 44.Be6 Ka3 45.Kc2 Bg1 46.Bf7 Kb4 47.Kd3
h5 48.Kc2 h4 49.Kd3 1/2-1/2